[Event "BRA Region North-ch"]
[Site "Manaus"]
[Date "2010.10.??"]
[Round "6"]
[White "Soares Teixeira, Caio"]
[Black "De Lima, Emerson Santos"]
[Result "0-1"]
[WhiteElo "1774"]
[BlackElo "1858"]
[PlyCount "70"]
[EventDate "2010.10.09"]
[EventType "swiss"]
[EventRounds "7"]
[EventCountry "BRA"]
[SourceTitle "EXT 2022"]
[Source "ChessBase"]
[SourceDate "2021.10.06"]
[SourceVersion "1"]
[SourceVersionDate "2021.10.06"]
[SourceQuality "1"]

1. c4 e5 2. e4 Bc5 3. d3 Qf6 4. f3 Bxg1 5. Rxg1 Qh4+ 6. g3 Qxh2 7. Rg2 Qh5 8. g4 Qh4+ 9. Rf2 Qe7 10. Nc3 d6 11. Nd5 Qd8 12. Qa4+ Bd7 13. Qb3 Bc6 14. Nc3 Nf6 15. Bg5 Nbd7 16. Bxf6 Nxf6 17. Rg2 Qd7 18. g5 Nh5 19. Be2 Nf4 20. Rg1 0-0-0 21. Qa3 Kb8 22. 0-0-0 h6 23. d4 exd4 24. Rxd4 hxg5 25. c5 Qe7 26. cxd6 Rxd6 27. Rxd6 Qxd6 28. Bb5 Qxa3 29. bxa3 Bxb5 30. Nxb5 Ne2+ 31. Kd2 Nxg1 32. Nd4 g6 33. e5 Rd8 34. Ke3 Rxd4 35. Kxd4 Nxf3+ 0-1